Statistics for Star Wars Planets

Click here to take the quiz!

General Stats

  • This quiz has been taken 22 times
  • The average score is 35 of 78

Answer Stats

MovieNumberAnswer% Correct
The Phantom Menace1Naboo
100%
The Phantom Menace2Tatooine
100%
The Phantom Menace3Coruscant
95%
Attack of the Clones1Coruscant
95%
Attack of the Clones5Geonosis
95%
Attack of the Clones3Kamino
90%
Attack of the Clones2Naboo
90%
Attack of the Clones4Tatooine
90%
Revenge of the Sith1Coruscant
85%
A New Hope1Tatooine
85%
Return of the Jedi3Forest Moon of Endor
80%
The Empire Strikes Back1Hoth
80%
Return of the Jedi1Tatooine
80%
The Empire Strikes Back3Bespin
75%
The Empire Strikes Back2Dagobah
75%
Revenge of the Sith8Mustafar
75%
Revenge of the Sith12Tatooine
75%
Revenge of the Sith2Utapau
75%
A New Hope2Yavin IV
75%
Star Wars: The Clone Wars1Coruscant
65%
Return of the Jedi2Dagobah
65%
Revenge of the Sith5Felucia
65%
Revenge of the Sith3Kashyyyk
65%
Revenge of the Sith11Alderaan
60%
Revenge of the Sith4Mygeeto
60%
Star Wars: The Clone Wars2Tatooine
60%
Star Wars: The Clone Wars3Christophsis
55%
Return of the Jedi5Naboo
55%
Revenge of the Sith9Polis Massa
55%
Revenge of the Sith6Cato Neimoidia
50%
Return of the Jedi6Coruscant
50%
The Force Awakens1Jakku
50%
Revenge of the Sith10Naboo
50%
Rogue One: A Star Wars Story9Scarif
50%
Solo: A Star Wars Story1Corellia
45%
Rogue One: A Star Wars Story4Jedha
45%
Solo: A Star Wars Story4Kessel
45%
Revenge of the Sith7Saleucami
40%
The Last Jedi2Ahch-To
35%
The Force Awakens8Ahch-To
35%
The Last Jedi5Crait
35%
The Force Awakens7D'Qar
35%
The Rise of Skywalker2Exegol
35%
Star Wars: The Clone Wars4Teth
35%
Return of the Jedi4Bespin
30%
The Last Jedi3Cantonica
30%
Rogue One: A Star Wars Story7Eadu
30%
The Force Awakens5Ilum
30%
The Force Awakens2Takodana
30%
The Last Jedi1D'Qar
25%
Solo: A Star Wars Story2Mimban
25%
The Rise of Skywalker15Tatooine
25%
Rogue One: A Star Wars Story2Wobani
25%
Rogue One: A Star Wars Story5Yavin IV
25%
The Rise of Skywalker6Ajan Kloss
20%
The Force Awakens6Hosnian Prime
20%
The Rise of Skywalker9Kijimi
20%
Rogue One: A Star Wars Story1Lah'mu
20%
The Rise of Skywalker8Pasaana
20%
Solo: A Star Wars Story5Savareen
20%
Solo: A Star Wars Story3Vandor
20%
Rogue One: A Star Wars Story6Coruscant
15%
The Rise of Skywalker10Kef Bir
15%
Rogue One: A Star Wars Story8Mustafar
15%
The Rise of Skywalker1Mustafar
15%
Solo: A Star Wars Story6Numidian Prime
15%
Rogue One: A Star Wars Story3Ring of Kafrene
15%
The Rise of Skywalker11Ahch-To
10%
The Rise of Skywalker12Bespin
10%
The Force Awakens3Bespin
10%
The Rise of Skywalker13Forest Moon of Endor
10%
The Rise of Skywalker14Jakku
10%
The Force Awakens4Ossus
10%
The Last Jedi4Ossus
10%
The Rise of Skywalker4Cardovyte
5%
The Rise of Skywalker5Ivexia
5%
The Rise of Skywalker7Niful
5%
The Rise of Skywalker3Sinta Glacier
5%

Score Distribution

Percentile by Number Answered

Percent of People with Each Score

Your Score History

You have not taken this quiz